| 000 | 00854nam a22002417a 4500 | ||
|---|---|---|---|
| 001 | 4997 | ||
| 003 | FISKH | ||
| 005 | 20241031111834.0 | ||
| 008 | 241031b cb ||||| |||| 00| 0 eng d | ||
| 020 | _a0807545309 | ||
| 040 |
_aFISKH _beng _cFISKH _dFISKH |
||
| 050 | _aQL49.S845 | ||
| 082 | _a590 | ||
| 100 | _aSussman, Susan | ||
| 245 |
_aLies (people believe) About Animals / _cby Susan Sussman and Robert James : Photograph by Fred Leavitt |
||
| 260 |
_aNiles : _bAlbert Whitman & Company ; _c1987. |
||
| 300 |
_a47 pages : _billustrations ; _c29 cm . |
||
| 520 | _aPresents commonly held beliefs abouts bats, tarantulas, snakes, porcupines, and other animals and then explains the surprising truths. | ||
| 650 |
_aanimals-Miscelllanea _vJuvenile Literature |
||
| 700 |
_aLeavitt, Fred _ePhotographer |
||
| 942 |
_2ddc _cBK _n0 |
||
| 999 |
_c4997 _d4997 |
||